[Event "Charleroi op"]
[Site "Roux"]
[Date "2019.07.30"]
[Round "5"]
[White "Barbier, Wim"]
[Black "Philippe, Denis"]
[Result "1/2-1/2"]
[WhiteElo "2068"]
[BlackElo "2015"]
[PlyCount "49"]
[EventDate "2019.07.27"]
[EventType "swiss"]
[EventRounds "9"]
[EventCountry "BEL"]
[SourceTitle "CBM 191 Extra"]
[Source "ChessBase"]
[SourceDate "2019.09.30"]
[SourceVersion "1"]
[SourceVersionDate "2019.09.30"]
[SourceQuality "1"]

1. Nf3 d5 2. c4 c6 3. g3 Nf6 4. Bg2 Bg4 5. Ne5 Be6 6. cxd5 Bxd5 7. Nf3 c5 8. Nc3 Bc6 9. 0-0 e6 10. d3 Be7 11. e4 0-0 12. h3 Nbd7 13. Qe2 b5 14. e5 Nd5 15. Ne4 Qc7 16. d4 a6 17. Nxc5 Nxc5 18. dxc5 Bxc5 19. Qc2 Be7 20. Bg5 Rac8 21. Bxe7 Qxe7 22. Nd4 Bb7 23. Qd2 Rfd8 24. Rac1 h6 25. Rxc8 1/2-1/2

[Event "Plzen op 10th"]
[Site "Plzen"]
[Date "2018.11.20"]
[Round "3"]
[White "Vachal, Josef1111"]
[Black "Barbier, Wim"]
[Result "0-1"]
[WhiteElo "1807"]
[BlackElo "2077"]
[PlyCount "138"]
[EventDate "2018.11.18"]
[EventType "swiss"]
[EventRounds "9"]
[EventCountry "CZE"]
[SourceTitle "CBM 189 Extra"]
[Source "ChessBase"]
[SourceDate "2019.06.03"]
[SourceVersion "1"]
[SourceVersionDate "2019.06.03"]
[SourceQuality "1"]

1. e4 d6 2. d4 Nf6 3. Nc3 e5 4. d5 Be7 5. Bd3 0-0 6. f3 Nh5 7. Nge2 Bg5 8. Bd2 h6 9. Qc1 g6 10. Bxg5 Qxg5 11. Qxg5 hxg5 12. g4 Nf6 13. 0-0-0 Kg7 14. h4 gxh4 15. Rxh4 Rh8 16. Rdh1 Rxh4 17. Rxh4 Nh7 18. Kd2 Ng5 19. Ke3 a6 20. a4 Nd7 21. Ng3 c6 22. b4 Nf6 23. Rh1 Bd7 24. b5 axb5 25. dxc6 bxc6 26. axb5 cxb5 27. Nxb5 Bxb5 28. Bxb5 Ra3+ 29. Bd3 d5 30. Rf1 dxe4 31. fxe4 Nxg4+ 32. Kd2 Nh2 33. Rf2 Nhf3+ 34. Ke2 Nd4+ 35. Ke3 Nh3 36. Rd2 Nf4 37. Kf2 Kf6 38. Nf1 Ra2 39. Ke3 Kg5 40. c3 Rxd2 41. Nxd2 Nde6 42. Nf3+ Kf6 43. Bc4 Nc5 44. Bxf7 Kxf7 45. Nxe5+ Kf6 46. Nxg6 Nxg6 47. Kd4 Ne6+ 48. Kd5 Nef4+ 49. Kd6 Ne5 50. Kc5 Ke6 51. Kd4 Kd6 52. Ke3 Ne6 53. Kd2 Kc5 54. Kc2 Kc4 55. Kd2 Kb3 56. c4 Kxc4 57. Ke3 Kc3 58. Ke2 Kc2 59. Ke3 Kc1 60. Kf2 Kd2 61. Kg3 Ke3 62. Kh4 Kf4 63. Kh5 Kg3 64. Kh6 Kg4 65. Kh7 Kg5 66. Kg8 Kg6 67. Kh8 Nf7+ 68. Kg8 Nh6+ 69. Kh8 Nd8 0-1

[Event "Plzen op 10th"]
[Site "Plzen"]
[Date "2018.11.19"]
[Round "2"]
[White "Barbier, Wim"]
[Black "Bechynsky, Jan"]
[Result "1/2-1/2"]
[WhiteElo "2077"]
[BlackElo "1874"]
[PlyCount "65"]
[EventDate "2018.11.18"]
[EventType "swiss"]
[EventRounds "9"]
[EventCountry "CZE"]
[SourceTitle "CBM 189 Extra"]
[Source "ChessBase"]
[SourceDate "2019.06.03"]
[SourceVersion "1"]
[SourceVersionDate "2019.06.03"]
[SourceQuality "1"]

1. c4 f5 2. g3 Nf6 3. Bg2 e6 4. Nc3 Be7 5. Nf3 0-0 6. 0-0 d5 7. d3 c6 8. e4 d4 9. Ne2 c5 10. exf5 exf5 11. b4 Nc6 12. bxc5 Bxc5 13. Nf4 Re8 14. Re1 Bd7 15. Nd5 Rxe1+ 16. Nxe1 Be6 17. Bg5 Be7 18. Nxe7+ Qxe7 19. Rb1 Rf8 20. Qe2 h6 21. Bd2 Re8 22. Bxc6 bxc6 23. Qe5 c5 24. Rb8 Nd7 25. Rxe8+ Qxe8 26. Qe2 Bf7 27. Qxe8+ Bxe8 28. h4 Kf7 29. Bf4 Ke6 30. f3 Ne5 31. Kf2 Bc6 32. Ke2 a6 33. Kf2 1/2-1/2

[Event "Charleroi op"]
[Site "Charleroi"]
[Date "2017.08.01"]
[Round "5"]
[White "Barbier, Wim"]
[Black "Sclacmender, Julien"]
[Result "0-1"]
[WhiteElo "2107"]
[BlackElo "2261"]
[PlyCount "86"]
[EventDate "2017.07.29"]
[EventType "swiss"]
[EventRounds "9"]
[EventCountry "BEL"]
[SourceTitle "CBM 179 Extra"]
[Source "ChessBase"]
[SourceDate "2017.08.23"]
[SourceVersion "1"]
[SourceVersionDate "2017.08.23"]
[SourceQuality "1"]

1. c4 e5 2. g3 Nf6 3. Bg2 d5 4. cxd5 Nxd5 5. Nf3 Nc6 6. 0-0 Nb6 7. Nc3 Be7 8. d3 0-0 9. Be3 Be6 10. Na4 Qc8 11. a3 Rd8 12. Qc2 Nd4 13. Bxd4 exd4 14. Rac1 c6 15. Rfe1 Bd5 16. Nc5 Nd7 17. Nxd7 Qxd7 18. Ne5 Qe6 19. Bxd5 Rxd5 20. f4 Bf6 21. Nf3 h5 22. Qd2 h4 23. e4 dxe3 24. Rxe3 Qg4 25. Kg2 Rad8 26. Qe2 h3+ 27. Kf2 Qd7 28. Rd1 c5 29. Ne5 Bxe5 30. Rxe5 c4 31. Re7 Qc6 32. d4 Rxd4 33. Rxd4 Qg2+ 34. Ke3 Qg1+ 35. Qf2 Qxf2+ 36. Kxf2 Rxd4 37. Rxb7 Rd2+ 38. Kg1 Rg2+ 39. Kh1 Rc2 40. Kg1 a5 41. a4 Kh7 42. f5 Rg2+ 43. Kh1 Kh6 0-1

[Event "BEL-ch op"]
[Site "Niel"]
[Date "2017.07.08"]
[Round "8"]
[White "Tikranian, Alik"]
[Black "Barbier, Wim"]
[Result "1-0"]
[WhiteElo "2261"]
[BlackElo "2107"]
[PlyCount "125"]
[EventDate "2017.07.01"]
[EventType "swiss"]
[EventRounds "9"]
[EventCountry "BEL"]
[SourceTitle "EXT 2018"]
[Source "ChessBase"]
[SourceDate "2017.10.13"]
[SourceVersion "1"]
[SourceVersionDate "2017.10.13"]
[SourceQuality "1"]

1. e4 d6 2. d4 Nf6 3. Nc3 e5 4. Nf3 Nbd7 5. g4 Nxg4 6. Rg1 Ngf6 7. Bc4 exd4 8. Qxd4 c6 9. Bf4 Qb6 10. Qd2 Qb4 11. Bb3 Nc5 12. 0-0-0 Nxb3+ 13. axb3 Nh5 14. Kb1 Be6 15. Nd4 0-0-0 16. Bg5 Re8 17. Nxe6 Rxe6 18. Be3 Qa5 19. Rg5 Re5 20. b4 Qc7 21. Bd4 Rxg5 22. Qxg5 Nf6 23. Bxf6 gxf6 24. Qxf6 Rg8 25. Ne2 Qd7 26. Ng3 Rg6 27. Qh8 Qd8 28. Qxh7 Qf6 29. Qh3+ Kc7 30. Nf5 Bg7 31. Qb3 Bf8 32. b5 Qe6 33. Qd3 c5 34. h4 Rg4 35. f3 Rg2 36. Qf1 Rg8 37. h5 Rh8 38. h6 Rxh6 39. Nxh6 Bxh6 40. Qh1 Bf4 41. Qh5 Qc4 42. Qd5 Qe2 43. Qxf7+ Kb6 44. Rd3 Be5 45. Qc4 Qe1+ 46. Ka2 Qc1 47. c3 Qc2 48. Rd5 Qh2 49. Rd1 Qg2 50. Qd3 Bf4 51. Kb1 Qf2 52. Rf1 Qg2 53. Re1 Qf2 54. Qe2 Qg3 55. Rh1 Be5 56. Rh5 Qg1+ 57. Kc2 Qa1 58. Rf5 Qa4+ 59. Kb1 Qb3 60. Qd3 Qg8 61. f4 Qg1+ 62. Ka2 Qg8+ 63. Qd5 1-0

[Event "BEL-ch op"]
[Site "Niel"]
[Date "2017.07.06"]
[Round "6"]
[White "Barbier, Wim"]
[Black "Viaene, Jan"]
[Result "1-0"]
[WhiteElo "2107"]
[BlackElo "1751"]
[PlyCount "80"]
[EventDate "2017.07.01"]
[EventType "swiss"]
[EventRounds "9"]
[EventCountry "BEL"]
[SourceTitle "EXT 2018"]
[Source "ChessBase"]
[SourceDate "2017.10.13"]
[SourceVersion "1"]
[SourceVersionDate "2017.10.13"]
[SourceQuality "1"]

1. c4 e5 2. g3 g6 3. Bg2 Bg7 4. Nc3 Nc6 5. e4 d6 6. Nge2 Be6 7. Nd5 Qd7 8. d3 Nd8 9. f4 c6 10. Ne3 Ne7 11. 0-0 h5 12. d4 h4 13. dxe5 dxe5 14. Qxd7+ Bxd7 15. f5 gxf5 16. exf5 f6 17. Nc3 hxg3 18. hxg3 Nf7 19. Ne4 0-0-0 20. g4 Kc7 21. Bd2 Bc8 22. Rad1 b6 23. Bb4 c5 24. Bc3 Bb7 25. Rxd8 Rxd8 26. Kf2 Bxe4 27. Bxe4 Nd6 28. Bg2 Bh6 29. b3 Bxe3+ 30. Kxe3 Rh8 31. Rh1 Rxh1 32. Bxh1 Nc6 33. Be1 Nb4 34. Bh4 Ne8 35. g5 fxg5 36. Bxg5 Kd6 37. Bf3 Nc2+ 38. Ke4 Nd4 39. Bg4 a6 40. a4 a5 1-0

[Event "Nova Gorica op 21st"]
[Site "Nova Gorica"]
[Date "2016.02.04"]
[Round "9"]
[White "Barbier, Wim"]
[Black "Jelen, Igor"]
[Result "0-1"]
[WhiteElo "2099"]
[BlackElo "2402"]
[PlyCount "106"]
[EventDate "2016.01.29"]
[EventType "swiss"]
[EventRounds "9"]
[EventCountry "SLO"]
[SourceTitle "CBM 170 Extra"]
[Source "ChessBase"]
[SourceDate "2016.02.25"]
[SourceVersion "1"]
[SourceVersionDate "2016.02.25"]
[SourceQuality "1"]

1. c4 Nf6 2. g3 c5 3. Bg2 d5 4. cxd5 Nxd5 5. Nc3 Nc7 6. Nf3 Nc6 7. 0-0 e5 8. a3 Rb8 9. b4 cxb4 10. axb4 Bxb4 11. Ba3 Bxa3 12. Rxa3 0-0 13. Qb1 Be6 14. Rc1 Qe7 15. Qb2 f6 16. Ne4 Na6 17. Ra4 Rfc8 18. h4 Rc7 19. h5 Rbc8 20. Rc3 h6 21. e3 f5 22. Rxa6 bxa6 23. Nc5 e4 24. Nd4 Nxd4 25. exd4 Rc6 26. Qa3 Bd5 27. d3 Qf7 28. dxe4 fxe4 29. Rc2 Qxh5 30. Qa1 Kh8 31. Rb2 Rf8 32. Nxe4 Qg6 33. Qe1 Re8 34. Re2 Rce6 35. f3 R6e7 36. Re3 Qb6 37. Qc3 a5 38. Kh2 a4 39. Rd3 a5 40. Nc5 Qb4 41. Qa3 Re2 42. Nxa4 Qxa3 43. Rxa3 Ra2 44. Rxa2 Bxa2 45. f4 Bb3 46. Nc5 Bc2 47. Bc6 Re2+ 48. Kg1 Rd2 49. d5 Rd4 50. Kf2 a4 51. Ne6 Rd1 52. Nf8 a3 53. Bd7 g6 0-1

[Event "Nova Gorica op 21st"]
[Site "Nova Gorica"]
[Date "2016.01.29"]
[Round "1"]
[White "Mazzini, Katarina"]
[Black "Barbier, Wim"]
[Result "0-1"]
[WhiteElo "1609"]
[BlackElo "2099"]
[PlyCount "58"]
[EventDate "2016.01.29"]
[EventType "swiss"]
[EventRounds "9"]
[EventCountry "SLO"]
[SourceTitle "CBM 170 Extra"]
[Source "ChessBase"]
[SourceDate "2016.02.25"]
[SourceVersion "1"]
[SourceVersionDate "2016.02.25"]
[SourceQuality "1"]

1. e4 d6 2. d4 Nf6 3. Nc3 e5 4. Nf3 Nbd7 5. Bd3 Be7 6. 0-0 0-0 7. h3 c6 8. Be3 Re8 9. Re1 Qc7 10. d5 cxd5 11. Nxd5 Nxd5 12. exd5 Nf6 13. Be2 Bf8 14. c4 a5 15. Rc1 b6 16. a3 Bd7 17. b3 h6 18. Nd2 g6 19. f3 Nh5 20. Bf2 Nf4 21. Bg3 f5 22. a4 Qd8 23. Bxf4 exf4 24. Bd3 Qf6 25. Qc2 Qd4+ 26. Kh2 Re3 27. Be2 Rae8 28. Nf1 R3e7 29. Rcd1 Qf2 0-1

[Event "BEL-chT 1415"]
[Site "Belgium"]
[Date "2015.01.11"]
[Round "6.6"]
[White "Barbier, Wim"]
[Black "Daulyte Cornette, Deimante"]
[Result "0-1"]
[WhiteElo "2110"]
[BlackElo "2365"]
[PlyCount "60"]
[EventDate "2014.09.28"]
[EventType "team-swiss"]
[EventRounds "11"]
[EventCountry "BEL"]
[SourceTitle "EXT 2016"]
[Source "ChessBase"]
[SourceDate "2015.10.08"]
[SourceVersion "1"]
[SourceVersionDate "2015.10.08"]
[SourceQuality "1"]
[WhiteTeam "Temse"]
[BlackTeam "Amay"]
[WhiteTeamCountry "BEL"]
[BlackTeamCountry "BEL"]

1. c4 e5 2. g3 Nf6 3. Bg2 d5 4. cxd5 Nxd5 5. Nf3 Nc6 6. 0-0 Nb6 7. Nc3 Be7 8. a3 0-0 9. b4 Be6 10. Rb1 f6 11. d3 Nd4 12. e3 Nxf3+ 13. Bxf3 c6 14. Qc2 Qd7 15. Rd1 f5 16. d4 e4 17. Be2 Rae8 18. b5 Rc8 19. Qb2 cxb5 20. Bxb5 Qd6 21. Be2 Nc4 22. Qa1 b6 23. Nb5 Qd7 24. d5 Bf7 25. a4 Rfd8 26. Bxc4 Rxc4 27. Bb2 a6 28. d6 Bf8 29. Nc3 Qc6 30. Rbc1 Rxd6 0-1

[Event "BEL-chT 1415"]
[Site "Belgium"]
[Date "2014.11.02"]
[Round "3.7"]
[White "Barbier, Wim"]
[Black "Kaufeld, Juergen"]
[Result "0-1"]
[WhiteElo "2110"]
[BlackElo "2288"]
[PlyCount "67"]
[EventDate "2014.09.28"]
[EventType "team-swiss"]
[EventRounds "11"]
[EventCountry "BEL"]
[SourceTitle "EXT 2015"]
[Source "ChessBase"]
[SourceDate "2014.11.20"]
[SourceVersion "1"]
[SourceVersionDate "2014.11.20"]
[SourceQuality "1"]
[WhiteTeam "Temse"]
[BlackTeam "Eynatten"]
[WhiteTeamCountry "BEL"]
[BlackTeamCountry "BEL"]

1. c4 g6 2. g3 Bg7 3. Bg2 c5 4. Nc3 Nc6 5. a3 e6 6. b4 Nxb4 7. axb4 cxb4 8. Nf3 bxc3 9. d4 Ne7 10. 0-0 d5 11. Qb3 0-0 12. Qxc3 Bd7 13. Bf4 dxc4 14. Qxc4 Bc6 15. Bg5 h6 16. Bd2 Qd7 17. Rfb1 Rfc8 18. Qb4 Qe8 19. Ne5 Bxg2 20. Kxg2 b6 21. Rc1 Nc6 22. Nxc6 Rxc6 23. f3 a5 24. Qb2 Rd6 25. Bc3 Rad8 26. Ra2 Rc8 27. e3 Qd8 28. Raa1 e5 29. dxe5 Bxe5 30. Ra2 Rdc6 31. Bxe5 Rxc1 32. Bd4 Qd5 33. g4 Qxa2 34. Qxa2 0-1

[Event "Charleroi TIPC op 12th"]
[Site "Charleroi"]
[Date "2013.08.01"]
[Round "7"]
[White "Giadrosic, Dinko"]
[Black "Barbier, Wim"]
[Result "1/2-1/2"]
[WhiteElo "1930"]
[BlackElo "2115"]
[PlyCount "60"]
[EventDate "2013.07.27"]
[EventType "swiss"]
[EventRounds "9"]
[EventCountry "BEL"]
[SourceTitle "EXT 2018"]
[Source "ChessBase"]
[SourceDate "2017.10.13"]
[SourceVersion "1"]
[SourceVersionDate "2017.10.13"]
[SourceQuality "1"]

1. d4 d6 2. Nf3 Nd7 3. Bf4 g6 4. c3 Bg7 5. e4 e5 6. dxe5 dxe5 7. Bg5 Ngf6 8. Qc2 h6 9. Bh4 0-0 10. Bc4 Qe7 11. Nbd2 c6 12. 0-0-0 b5 13. Be2 Nc5 14. Nb3 Nxb3+ 15. axb3 a5 16. Bg3 Nh5 17. Qd2 Qe6 18. Qd6 Nxg3 19. hxg3 a4 20. Qxe6 Bxe6 21. bxa4 bxa4 22. Nd2 a3 23. Bc4 axb2+ 24. Kxb2 Rfb8+ 25. Bb3 h5 26. Ra1 Rxa1 27. Rxa1 Bh6 28. Kc2 Rd8 29. Nf3 Re8 30. Bxe6 Rxe6 1/2-1/2

[Event "Charleroi op"]
[Site "Charleroi"]
[Date "2013.07.31"]
[Round "6"]
[White "Barbier, Wim"]
[Black "Sarrau, Jelle"]
[Result "0-1"]
[WhiteElo "2115"]
[BlackElo "2305"]
[PlyCount "114"]
[EventDate "2013.07.27"]
[EventType "swiss"]
[EventRounds "9"]
[EventCountry "BEL"]
[SourceTitle "CBM 155 Extra"]
[Source "ChessBase"]
[SourceDate "2013.08.26"]
[SourceVersion "1"]
[SourceVersionDate "2013.08.26"]
[SourceQuality "1"]

1. Nf3 c5 2. c4 Nf6 3. g3 b6 4. Bg2 Bb7 5. 0-0 e6 6. b3 Be7 7. Bb2 0-0 8. d3 a6 9. Nc3 d5 10. cxd5 Nxd5 11. Nxd5 Bxd5 12. e4 Bb7 13. Qe2 Nc6 14. a3 Bf6 15. e5 Be7 16. Qe3 Na5 17. d4 c4 18. b4 Nb3 19. Rad1 a5 20. d5 Bxd5 21. Nd4 Nxd4 22. Bxd4 Bxg2 23. Bxb6 Qc8 24. Kxg2 axb4 25. axb4 Qc6+ 26. Kg1 Bxb4 27. Rb1 Ra3 28. Qd4 Rd3 29. Qb2 Bc3 30. Qb5 Qxb5 31. Rxb5 Rb8 32. Rfb1 Rd5 33. Bc5 Rxb5 34. Rxb5 Bxe5 35. Ra5 h6 36. Ra8+ Kh7 37. Rc8 Rd7 38. Bb6 Rb7 39. Ba5 Ra7 40. Bb6 Rb7 41. Ba5 Rb5 42. Bd2 c3 43. Be3 Kg6 44. Kg2 f5 45. h4 Kf7 46. Kf3 Rb7 47. Rc5 Bf6 48. Ke2 Rd7 49. h5 Rb7 50. Kd3 Rb1 51. Bf4 Rh1 52. Rc7+ Ke8 53. Rc6 Kd7 54. Rc7+ Kd8 55. Ra7 Rxh5 56. Bc7+ Ke8 57. Ba5 Rh2 0-1

[Event "BEL-ch op"]
[Site "Antwerp"]
[Date "2013.07.11"]
[Round "6"]
[White "Wlogalski, Olivier"]
[Black "Barbier, Wim"]
[Result "0-1"]
[WhiteElo "1917"]
[BlackElo "2115"]
[PlyCount "118"]
[EventDate "2013.07.06"]
[EventType "swiss"]
[EventRounds "9"]
[EventCountry "BEL"]
[SourceTitle "CBM 155 Extra"]
[Source "ChessBase"]
[SourceDate "2013.08.26"]
[SourceVersion "1"]
[SourceVersionDate "2013.08.26"]
[SourceQuality "1"]

1. d4 d6 2. c4 Nf6 3. Nc3 e5 4. d5 a5 5. a4 Be7 6. e4 0-0 7. Bd3 Na6 8. h3 Nc5 9. Bc2 Ne8 10. g4 Bg5 11. Nf3 Bxc1 12. Qxc1 Qf6 13. Qe3 g6 14. 0-0-0 Ng7 15. Nb5 Na6 16. Rdg1 Qf4 17. Qxf4 exf4 18. Re1 Bd7 19. Re2 Rae8 20. Rhe1 h5 21. Rg1 hxg4 22. hxg4 Re7 23. Nfd4 Ne8 24. f3 Kg7 25. Rh2 Rh8 26. Rxh8 Kxh8 27. g5 Ng7 28. Ne2 Nh5 29. Nbc3 Re5 30. Nd1 Nc5 31. b3 Kg7 32. Kd2 Kf8 33. Kc3 f6 34. gxf6 g5 35. Rh1 g4 36. fxg4 Bxg4 37. Nd4 Bxd1 38. Bxd1 Nxf6 39. Bf3 Nfxe4+ 40. Bxe4 Rxe4 41. Rh3 Kg7 42. Nb5 Re7 43. Rf3 Rf7 44. Nd4 Kg6 45. Kd2 Kg5 46. Ke2 Kg4 47. Rf1 Ne4 48. Rg1+ Ng3+ 49. Kf2 Rh7 50. Kg2 Re7 51. Ne6 c6 52. Kf2 Rf7 53. Kg2 cxd5 54. cxd5 Rf5 55. Kf2 Rxd5 56. Rc1 Rd2+ 57. Ke1 Re2+ 58. Kd1 Rxe6 59. Rc7 f3 0-1

[Event "BEL-ch op"]
[Site "Antwerp"]
[Date "2013.07.08"]
[Round "3"]
[White "Barbier, Wim"]
[Black "Akhayan, Ruben"]
[Result "1-0"]
[WhiteElo "2115"]
[BlackElo "2245"]
[PlyCount "49"]
[EventDate "2013.07.06"]
[EventType "swiss"]
[EventRounds "9"]
[EventCountry "BEL"]
[SourceTitle "CBM 155 Extra"]
[Source "ChessBase"]
[SourceDate "2013.08.26"]
[SourceVersion "1"]
[SourceVersionDate "2013.08.26"]
[SourceQuality "1"]

1. c4 e6 2. g3 d5 3. Bg2 Nf6 4. Nf3 Be7 5. 0-0 0-0 6. Qc2 b6 7. b3 Bb7 8. Bb2 Nbd7 9. d3 c5 10. e3 Rc8 11. Re1 a6 12. Nc3 Bc6 13. cxd5 Nxd5 14. Nxd5 Bxd5 15. Rad1 Bf6 16. e4 Bc6 17. d4 cxd4 18. Nxd4 Bb7 19. Qd2 Rc7 20. f4 Be7 21. b4 Qa8 22. a3 b5 23. Nb3 Nb6 24. Qd4 e5 25. Qxe5 1-0

[Event "Geraardsbergen op 28th"]
[Site "Geraardsbergen"]
[Date "2012.08.15"]
[Round "9"]
[White "Van der Stricht, Geert"]
[Black "Barbier, Wim"]
[Result "0-1"]
[WhiteElo "2412"]
[BlackElo "2151"]
[PlyCount "94"]
[EventDate "2012.08.11"]
[EventType "swiss"]
[EventRounds "9"]
[EventCountry "BEL"]
[SourceTitle "EXT 2013"]
[Source "ChessBase"]
[SourceDate "2012.11.22"]
[SourceVersion "1"]
[SourceVersionDate "2012.11.22"]
[SourceQuality "1"]

1. d4 d6 2. Nf3 Bg4 3. c4 e5 4. dxe5 Nc6 5. exd6 Bxd6 6. Bg5 Nf6 7. Nbd2 Qe7 8. Qb3 0-0-0 9. 0-0-0 h6 10. Bxf6 Qxf6 11. e3 Bb4 12. Be2 Bxd2+ 13. Rxd2 Rxd2 14. Kxd2 Na5 15. Qc3 Rd8+ 16. Kc1 Qxc3+ 17. bxc3 Be6 18. Nd2 Rd6 19. h4 Rc6 20. Nb3 Nxc4 21. Nd4 Rc5 22. Nxe6 fxe6 23. Kc2 Nd6 24. Bd3 Ra5 25. Kb2 Rd5 26. Kc2 Ra5 27. Ra1 c5 28. g4 c4 29. Be2 Kc7 30. f4 b5 31. Kb2 Ra6 32. Bf3 Rb6 33. a3 a5 34. Kc2 Rb8 35. Kd2 Kb6 36. Ke2 Kc5 37. Rd1 b4 38. axb4+ axb4 39. f5 bxc3 40. fxe6 Rb2+ 41. Ke1 c2 42. Rd5+ Kb4 43. Kd2 c3+ 44. Kc1 Kb3 45. Rb5+ Nxb5 46. Bd5+ Kb4 47. e7 Na3 0-1

[Event "Geraardsbergen op 28th"]
[Site "Geraardsbergen"]
[Date "2012.08.13"]
[Round "6"]
[White "Barbier, Wim"]
[Black "Ringoir, Tanguy"]
[Result "0-1"]
[WhiteElo "2151"]
[BlackElo "2457"]
[PlyCount "62"]
[EventDate "2012.08.11"]
[EventType "swiss"]
[EventRounds "9"]
[EventCountry "BEL"]
[SourceTitle "EXT 2013"]
[Source "ChessBase"]
[SourceDate "2012.11.22"]
[SourceVersion "1"]
[SourceVersionDate "2012.11.22"]
[SourceQuality "1"]

1. c4 f5 2. g3 Nf6 3. Bg2 g6 4. Nc3 Bg7 5. d3 0-0 6. e4 fxe4 7. dxe4 d6 8. Nge2 c5 9. 0-0 Nc6 10. h3 e5 11. Be3 Be6 12. b3 Qd7 13. Kh2 Rae8 14. Qd3 Nd4 15. Rad1 a6 16. Nd5 b5 17. Nec3 Nh5 18. f3 Rf7 19. cxb5 axb5 20. g4 Nf6 21. Nxf6+ Bxf6 22. g5 Bg7 23. Rf2 Ref8 24. Qf1 c4 25. b4 d5 26. Rdd2 Nxf3+ 27. Rxf3 Rxf3 28. Bxf3 d4 29. Nd1 Qf7 30. Rf2 dxe3 31. Nxe3 Qf4+ 0-1

[Event "Charleroi op"]
[Site "Charleroi"]
[Date "2012.08.02"]
[Round "7"]
[White "Van Melkebeke, Willem"]
[Black "Barbier, Wim"]
[Result "1/2-1/2"]
[WhiteElo "1940"]
[BlackElo "2148"]
[PlyCount "29"]
[EventDate "2012.07.28"]
[EventType "swiss"]
[EventRounds "9"]
[EventCountry "BEL"]
[SourceTitle "CBM 149 Extra"]
[Source "ChessBase"]
[SourceDate "2012.08.24"]
[SourceVersion "1"]
[SourceVersionDate "2012.08.24"]
[SourceQuality "1"]

1. e4 d6 2. d4 Nf6 3. Nc3 e5 4. Nf3 Nbd7 5. a4 c6 6. a5 Be7 7. Bc4 0-0 8. 0-0 exd4 9. Nxd4 Ne5 10. Be2 c5 11. Nf5 Bxf5 12. exf5 Nc6 13. a6 bxa6 14. Bf3 Qd7 15. Rxa6 1/2-1/2